000 01000nam a2200253Ia 4500
999 _c50502
_d50502
001 17451
003 GE_BSU
005 20221111120127.0
008 181216s2014ru xx |||||||||||||| ||rus||
020 _a9785865477099x
040 _cGE_BSU
041 _arus
080 _a811.161.1 Ч-45
100 _aЧернышов, С.И.
_97066
245 _aПоехали ! Русский язык для взрослых:
_bБазовый курс : Часть 2 : Том II /
_cС.И. Чернышов ; А.В. Чернышова ; Ред . И.В.Евстратова.
250 _a4-е издание
264 _aСанкт-Петербург :
_bЗлатоуст,
_c2014.
300 _a200 стр.:
_bил.;
_c29 см.
653 _aРусский язык для взрослых
653 _aრუსული ენა
700 _aЧернышова, А.В.
_97067
_eავტორი
700 _aЕвстратова, И.В.
_eრედაქტორი
_97062
942 _cBK
_2udc